El psicópata
Saved in:
| Main Authors: | , |
|---|---|
| Format: | Bog |
| Sprog: | spansk |
| Udgivet: |
Buenos Aires
Hormé
1966
|
| Serier: | Biblioteca Psicología de Hoy
|
| Fag: | |
| Tags: |
Tilføj Tag
Ingen Tags, Vær først til at tagge denne postø!
|
MARC
| LEADER | 00000nam a2200000 a 4500 | ||
|---|---|---|---|
| 001 | UCY7524 | ||
| 003 | CL-VaPUC | ||
| 008 | 950614e19660000AG |||||||||||||||||spa|d | ||
| 082 | 0 | 4 | |a 364.1 |b MCC |2 21 |
| 100 | |a McCord, William |e autor |9 338041 | ||
| 700 | 0 | |a McCord, Joan |e author |9 338042 | |
| 245 | 1 | 3 | |a El psicópata |
| 246 | 1 | 3 | |a Un ensayo sobre la mente criminal |
| 300 | |a 290 p | ||
| 942 | |c BK | ||
| 945 | |d 19950614 00:00:00 |a rbrito | ||
| 260 | |a Buenos Aires |b Hormé |c 1966 | ||
| 650 | 7 | |a PSICOPATA |2 CL-VaPUC |9 338043 | |
| 650 | 7 | |a PSICOPATOLOGIA CRIMINAL |2 CL-VaPUC |9 338044 | |
| 583 | |a last modification |c 19950614 00:00:00 |k Rodrigo Vera | ||
| 490 | 0 | |a Biblioteca Psicología de Hoy | |
| 999 | |c 234877 |d 234875 | ||
| 952 | |0 0 |1 0 |4 0 |6 364_100000000000000_MCC_1966 |7 0 |8 A |9 241646 |a BIBDER |b BIBDER |d 2019-11-18 |i 2006235 |o 364.1 MCC 1966 |p 2006235 |r 2023-01-25 |w 2019-11-18 |y BK |k DER | ||